000 00267nam a2200109Ia 4500
008 230907s9999||||xx |||||||||||||| ||und||
082 _a629.1
_bAND
100 _aAnderson, John D.,
245 0 _aIntroduction to flight /
300 _axviii, 910 pages :
942 _cBK
999 _c598162
_d598162